| 000 | 01284nam0a22003491 4500 | ||
|---|---|---|---|
| 001 | rc\2725135 | ||
| 005 | 20250806210121.0 | ||
| 035 | _a(NLR Aleph) 006852649 | ||
| 090 |
_a6572 _c6572 |
||
| 100 | _a20110915d1943 u y0rusy50 ca | ||
| 101 | 0 | _arus | |
| 102 | _aRU | ||
| 105 | _ay z ||||| | ||
| 135 | _acrbn 008apadp | ||
| 200 | 1 |
_aЛенинградский связист _fЕ. Озолина |
|
| 210 |
_a[Ленинград] _cЛениздат _d1943 |
||
| 215 |
_a18, [2] с. _d14 см. |
||
| 325 | _aКопия доступна в Электрон. б-ке РНБ | ||
| 700 | 1 |
_aОзолина _bЕ. |
|
| 801 | 0 |
_aRU _bNLR _gpsbo |
|
| 801 | 1 |
_aRU _bELAR _2rusmarc |
|
| 852 |
_aNLR _jИр50 Г-2/315 |
||
| 856 | 0 | _uhttp://vivaldi.nlr.ru/ab000001785/view | |
| 856 | 1 | _uhttp://vivaldi.nlr.ru/ab000001785/cover | |
| 856 | 2 | _uhttp://vivaldi.nlr.ru/ab000001785/text | |
| 901 | _eКнижные издания | ||
| 942 | _cBOOK | ||
| 945 | _aРоссийская национальная библиотека | ||
| 980 | _aNB | ||
| 980 | _aBV | ||
| 981 | 3 | 7 |
_a(37) Ленинград в Великой Отечественной войне _b(37) Книги блокадного Ленинграда |
| 981 | 3 | 4 | _a(34) Санкт-Петербург |